| 000 | 00415nam a2200169Ia 4500 | ||
|---|---|---|---|
| 008 | 230711s9999||||xx |||||||||||||| ||und|| | ||
| 020 | _a978-81-8320-331-9 | ||
| 041 | _aENG | ||
| 082 |
_a331.2572 _bSO-P |
||
| 100 | _aSonie,Subhash C | ||
| 245 | 0 | _aPart-Time and Home-Based Jobs | |
| 250 | _a1st Ed. | ||
| 260 |
_c2013 _aDelhi _bStudent Aid Puclications |
||
| 300 | _a154p. | ||
| 650 | _aLiterature | ||
| 942 | _cBK | ||
| 999 |
_c6823 _d6823 |
||